| 000 | 01053nmm a2200313 a 4500 | ||
|---|---|---|---|
| 001 | ocm0001864873 | ||
| 003 | TR-IsHL | ||
| 005 | 20201028172602.0 | ||
| 008 | 180519s2013 tu tur | ||
| 007 | cr cn | ||
| 020 | _a9786055729417 | ||
| 035 |
_a1864873 _b(N$T) |
||
| 050 | 0 | 4 |
_aDR46 _b.C48 2013 |
| 090 | 0 | 4 |
_aDR46 _b.C48 2013 |
| 100 | 1 | _aCevad, Ahmed | |
| 245 | 1 | 0 |
_aBalkan faciaları: (1912-1913) _h[electronic resource] / _cAhmed Cevad ; hazırlayanlar Fatma Ürekli, Ebul Faruk Önal |
| 250 | _aBirinci basım | ||
| 260 |
_aİstanbul : _bİdeal Kültür Yayıncılık, _c2013 |
||
| 300 | _a217 p. | ||
| 500 |
_aKaynakça var. _x |
||
| 650 | 4 | _aTarih | |
| 650 | 4 | _aHistory | |
| 650 | 0 |
_aBalkan Yarımadası _x Tarih _x 1912-1913 Savaşı |
|
| 650 | 0 |
_aBalkan Peninsula _x History _x War of 1912-1913 |
|
| 650 | 7 |
_aHISTORY / Europe / Eastern _2bisacsh |
|
| 700 | 1 | _aÜrekli, Fatma | |
| 700 | 1 | _aÖnal, Ebul Faruk | |
| 856 | 4 | 0 | _uhttp://search.ebscohost.com/login.aspx?direct=true&scope=site&db=e011xww&AN=1864873 |
| 999 |
_c17273 _d17273 |
||